| Tag |
First Indicator |
Second Indicator |
Subfields |
| LEADER |
00000cam a2200000Ia 4500 |
| 001 |
in00002000612 |
| 005 |
20220105141713.0 |
| 006 |
m d |
| 007 |
cr cnu---unuuu |
| 008 |
040330s2002 at a sb 000 0 eng d |
| 020 |
|
|
|a 0585497672 (electronic bk.)
|
| 035 |
|
|
|a (OCoLC)ocm54841106
|
| 040 |
|
|
|a N$T
|c N$T
|d OCLCQ
|d UtOrBLW
|
| 049 |
|
|
|a IKMN
|
| 050 |
1 |
4 |
|a HQ799.15
|b F85 2002eb
|
| 082 |
0 |
4 |
|a 306.874
|2 22
|
| 100 |
1 |
|
|a Fuller, Andrew.
|0 http://id.loc.gov/authorities/names/no99027348
|
| 245 |
1 |
0 |
|a Raising real people :
|b creating a resilient family /
|c Andrew Fuller.
|
| 250 |
|
|
|a 2nd ed.
|
| 264 |
|
1 |
|a Camberwell, Vic. :
|b ACER Press,
|c 2002.
|
| 300 |
|
|
|a 207 pages :
|b illustrations ;
|c 25 cm.
|
| 336 |
|
|
|a text
|b txt
|2 rdacontent
|
| 337 |
|
|
|a computer
|b c
|2 rdamedia
|
| 338 |
|
|
|a online resource
|b cr
|2 rdacarrier
|
| 500 |
|
|
|a Previous edition: 2000.
|
| 504 |
|
|
|a Includes bibliographical references (pages 204-207).
|
| 520 |
|
|
|a This new edition contains new material that focuses on building relationships within the family. It is a candid and refreshing look at the issue of parenting adolescents. A broad range of issues is discussed, including depression, self-esteem, communication, sibling rivalry and parental break up.
|
| 533 |
|
|
|a Electronic reproduction.
|b Boulder, Colo. :
|c NetLibrary,
|d 2004.
|n Available via World Wide Web.
|n Access may be limited to NetLibrary affiliated libraries.
|
| 500 |
|
|
|a Electronic resource.
|
| 650 |
|
0 |
|a Parent and teenager.
|0 http://id.loc.gov/authorities/subjects/sh90006128
|
| 650 |
|
0 |
|a Parenting.
|0 http://id.loc.gov/authorities/subjects/sh85098009
|
| 650 |
|
0 |
|a Adolescent psychology.
|0 http://id.loc.gov/authorities/subjects/sh85000969
|
| 650 |
|
0 |
|a Resilience (Personality trait) in adolescence.
|0 http://id.loc.gov/authorities/subjects/sh89000082
|
| 655 |
|
7 |
|a Electronic books.
|2 local
|
| 710 |
2 |
|
|a NetLibrary, Inc.
|0 http://id.loc.gov/authorities/names/no99080690
|
| 776 |
1 |
|
|c Original
|z 0864314248
|w (OCoLC)51168240
|
| 856 |
4 |
1 |
|u https://proxy.library.tamu.edu/login?url=http://www.netLibrary.com/urlapi.asp?action=summary&v=1&bookid=101471
|z Connect to the full text of this electronic book
|t 0
|
| 994 |
|
|
|a 92
|b IKM
|
| 999 |
|
|
|a MARS
|
| 999 |
f |
f |
|s ab8f6773-d5f1-3291-870c-3bdc7940695e
|i 38016a3d-c59e-39fb-884f-f073b44c1d22
|t 0
|
| 952 |
f |
f |
|a Texas A&M University
|b College Station
|c Electronic Resources
|d Available Online
|t 0
|e HQ799.15 F85 2002eb
|h Library of Congress classification
|
| 998 |
f |
f |
|a HQ799.15 F85 2002eb
|t 0
|l Available Online
|